Digitalizácia merania prietokových súčiniteľov

Enregistré dans:
Détails bibliographiques
Auteur principal: Novoszák, Dávid (Auteur)
Autres auteurs: Minárik, Matej (Directeur de thèse)
Format: Manuscrit Livre
Langue:slovaque
Publié: 2020
Sujets:
Accès en ligne:http://is.stuba.sk/zp/portal_zp.pl?podrobnosti=151067
Tags: Ajouter un tag
Pas de tags, Soyez le premier à ajouter un tag!

MARC

LEADER 00000ntm a22000003a 4500
001 stuzp74392
003 SK-STU
005 20200711210254.3
007 ta
008 150427s2015----xo-----f-mn---000-0-slo-d
040 |a STU  |b slo 
041 0 |a slo 
100 1 |a Novoszák, Dávid  |u 020030  |4 aut  |U SjF Strojnícka fakulta  |T SjF Ústav dopravnej techniky a konštruovania  |X 87497  |U J0030  |Y 806  |7 87497 
242 0 1 |a Digitalization of flow coeficients measurement  |y eng 
245 1 0 |a Digitalizácia merania prietokových súčiniteľov 
260 |c 2020 
650 4 |a experimental device  |2 eng 
650 4 |a admission port  |2 eng 
650 4 |a voltage divider  |2 eng 
650 4 |a flow coefficient  |2 eng 
650 4 |a Wheatstone Bridge  |2 eng 
650 4 |a experimentálne zariadenie  |2 slo 
650 4 |a sací kanál  |2 slo 
650 4 |a Wheatstoneov mostík  |2 slo 
650 4 |a napäťový delič  |2 slo 
650 4 |a prietokový súčiniteľ  |2 slo 
700 1 |a Minárik, Matej  |u 020030  |k Z3  |4 ths  |U SjF Strojnícka fakulta  |T SjF Ústav dopravnej techniky a konštruovania  |X 63061  |U J0030  |Y 806  |7 63061 
856 4 |u http://is.stuba.sk/zp/portal_zp.pl?podrobnosti=151067